000 00888nam a22002297a 4500
003 0
005 20250120170102.0
008 250120b xxu||||| |||| 00| 0 eng d
020 _a978-1-350-05413-4
050 _aNC 1000
_b.P66 2024
100 _aPontis, Sheila
245 _aInformation design unbound
_b Key concepts and skills for making sense in a changing world
_cPontis, Sheila
260 _aNew York
_bBloomsbury
_cc2024
300 _a272 pages :
_bcolored illustrations and pictures ;
_c27cm.
504 _aIncludes bibliographical references and index.
650 _aInformation design—Principles and methods.
650 _aData visualization—Techniques.
650 _aInfographics—Design and interpretation.
650 _aUser experience (UX) design—Information presentation.
650 _aVisual storytelling—Clarity and effectiveness.
942 _2lcc
_cBK
999 _c367034
_d367034